| 000 | 01686cam a22003854i 4500 | ||
|---|---|---|---|
| 001 | 20306548 | ||
| 003 | EG-ScBUE | ||
| 005 | 20230509101738.0 | ||
| 008 | 180125s2018 caua f b 001 0 eng d | ||
| 020 | _a9781544317205 (Paperback : acid-free paper) | ||
| 040 |
_aDLC _beng _erda _cDLC _dDLC _dEG-ScBUE |
||
| 082 | 0 | 4 |
_a808.066378 _222 _bJOY |
| 100 | 1 |
_aJoyner, Randy L., _eauthor. |
|
| 245 | 1 | 0 |
_aWriting the winning thesis or dissertation : _ba step-by-step guide / _cRandy L. Joyner, William A. Rouse, Allan A. Glatthorn. |
| 250 | _aFourth Edition. | ||
| 264 | 1 |
_aThousand Oaks, California : _bCorwin, A SAGE Company, _c[2018] |
|
| 264 | 4 | _cc2018 | |
| 300 |
_axxvi, 310 pages : _billustrations ; _c23 cm |
||
| 336 |
_atext _btxt _2rdacontent |
||
| 337 |
_aunmediated _bn _2rdamedia |
||
| 338 |
_avolume _bnc _2rdacarrier |
||
| 500 | _aSecond edition lists Allan A. Glatthorn as the principal author on the published title page. | ||
| 504 | _aIncludes bibliographical references and index. | ||
| 505 | 2 | _aPart 1. The foundations -- Part 2. Research problem development -- Part 3. The prospectus preparation -- Part 4. The dissertation -- Part 5. The dissertation defense -- Part 6. Technology. | |
| 650 | 7 |
_aDissertations, Academic. _2BUEsh |
|
| 650 | 7 |
_aReport writing. _2BUEsh |
|
| 650 | 7 |
_aResearch. _2BUEsh |
|
| 653 |
_bART _cMay2023 |
||
| 655 | _vReading book | ||
| 700 | 1 |
_aRouse, William A., _eauthor. |
|
| 700 | 1 |
_aGlatthorn, Allan A., _d1924- _eauthor. |
|
| 906 |
_a7 _bcbc _corignew _d1 _eecip _f20 _gy-gencatlg |
||
| 942 |
_2ddc _cBB |
||
| 999 |
_c30312 _d30283 |
||